Mort subite : les gares desservies par le TGV - Statistiques

Statistiques générales
  • Ce quiz a été pris 530 fois
    435 depuis la dernière actualisation
  • Le résultat moyen est 7 sur 18
Answers on the Grid
Answers color-coded by a green-red scale on the quiz's grid according to % correct below.
Gap
Toulon
Paris-Austerlitz
Paris-Montparnasse
Niort
Langres
Belfort-Ville
Bordeaux-Saint-Jean
TGV Haute-Picardie
Avignon-Centre
Les Aubrais
Saint Pierre des Corps
Brive la Gaillarde
Pont-à-Mousson
Thionville
Saint Quentin
Tours
Valence-Ville
Blois-Chambord
Rouen-Rive-Droite
Melun
Digne les Bains
Lunéville
Ajaccio
Montauban-Ville-Bourbon
Evreux
Caen
Saint-Nazaire
Bourges
Clermont-Ferrand
Lourdes
Futuroscope
Berne
Boulogne-Ville
Foix
Châlons en Champagne
 
Statistiques - réponses
Réponse % Correct
TGV Haute-Picardie
66%
Paris-Montparnasse
63%
Bordeaux-Saint-Jean
54%
Saint Pierre des Corps
54%
Toulon
54%
Tours
51%
Futuroscope
48%
Avignon-Centre
44%
Valence-Ville
38%
Rouen-Rive-Droite
36%
Saint-Nazaire
36%
Montauban-Ville-Bourbon
35%
Lourdes
34%
Thionville
32%
Niort
29%
Châlons en Champagne
28%
Boulogne-Ville
27%
Lunéville
18%
Aucun quiz correspondant
Distribution des résultats
% des personnes avec chaque résultat
Percentile par nombre de réponses
Votre historique - résultats
Vous n’avez pas pris ce quiz depuis la dernière actualisation